Biblioteca

From Nicaea to Chalcedon : A guide to the literature and its background / Frances M. Young (Registro nro. 45940)

Detalles MARC
000 -LÍDER
Campo fijo de descripción fija 009260000a22002290004500
020 ## - NÚMERO INTERNACIONAL NORMALIZADO PARA LIBROS
Número Internacional Normalizado del libro 334-00495-0
082 04 - NÚMERO DE CLASIFICACIÓN DECIMAL DEWEY
Número de clasificación G 270.2 Y68f
001 - NÚMERO DE CONTROL
Campo de control 19578
100 1# - ASIENTO PRINCIPAL--NOMBRE PERSONAL
Nombre personal Young, Frances M.
245 10 - TÍTULO
Título del Material From Nicaea to Chalcedon : A guide to the literature and its background / Frances M. Young
260 ## - PUBLICACIÓN, DISTRIBUCIÓN, ETC. (PIE DE IMPRENTA)
Lugar de publicación, distribución, etc. London : SCM Press
300 ## - DESCRIPCIÓN FÍSICA
Extensión 406 páginas
336 ## - CONTENT TYPE
Content type term texto
Content type code txt
Source rdacontent
337 ## - MEDIA TYPE
Source rdamedia
Media type term sin mediación
Media type code n
338 ## - CARRIER TYPE
Source rdacarrier
Carrier type term volumen
Carrier type code nc
500 ## - NOTA GENERAL
Nota General Incluye índice (p. 400-406)
501 ## - NOTA DE “CON”
Nota de Contenido Rústico
505 00 - NOTA DE CONTENIDO
Nota de contenido con formato preestablecido El nacimiento de la historia de la iglesia y su secuela - Atanasio y algunos compañeros alejandrinos del siglo IV - Los capadocios - Algunos personajes contrastantes de finales del siglo IV - La literatura de controversia cristológica
650 14 - ASIENTO SECUNDARIO DE MATERIA - TERMINO TEMÁTICO
Término temático o nombre geográfico como elemento de entrada Historia \ Iglesia - Historia - Periodo Primitivo, 30-600
942 ## - TIPO DE MATERIAL (KOHA)
Tipo de Item KOHA Libros General
Existencias
Estado de Material Estado de Perdido Estado de Dañado No para Préstamo Colección Tomo Biblioteca de Origen Biblioteca Permanente Fecha de Adquisición Total de Préstamos Signatura Topográfica Código de Barras Última vez visto Ejemplar/Existencia Fecha de Remplazo Tipo de Material
        Colección General   Biblioteca FUSBC Biblioteca FUSBC 28/04/2015   G 270.2 Y68f 19632 12/12/2019 1 26/01/2016 Libros General

Biblioteca FUSBC | Teléfono: (57+4) 349 88 10 Ext. 141| WhatsApp (+57) 3005338115 
E-mail: biblioteca@unisbc.edu.co | Calle 76 87-14 Robledo Palenque, Medellín, Colombia

Con tecnología Koha